00363nam a2200145Ia 4500003000900000008004100009040001300050040001300063100002600076245007400102250001200176260001500188300000800203490000600211IT-RoPAU120407s9999 xx 000 0 und d aIT-RoPAU cIT-RoPAU aAnastasio Ballestrero aAmati da Dio. La storia della salvezza un mistero che non finisce mai aTorino  aElle Di Ci c cm v1